Normal view
MARC view
Entry Topical Term
001 - CONTROL NUMBER
- control field: 6247
003 - CONTROL NUMBER IDENTIFIER
- control field: OSt
005 - DATE AND TIME OF LATEST TRANSACTION
- control field: 20120109152259.0
008 - FIXED-LENGTH DATA ELEMENTS
- fixed length control field: 120109|||a|||||| | ||| d
040 ## - CATALOGING SOURCE
- Original cataloging agency: OSt
- Transcribing agency: OSt
150 ## - HEADING--TOPICAL TERM
- Topical term or geographic name as entry element: Human rights
- Geographic subdivision: Africa
- Form subdivision: Periodicals.
670 ## - SOURCE DATA FOUND
- Source citation: Work cat.: (OSt)4960: East African journal of peace & human rights.1998 Vol.5 No. 1, 1998-
